Ảnh hưởng của biện pháp tưới khô - ngập xen kẽ đến động thái chất lân trong đất trồng lúa : Báo cáo tổng kết đề tài khoa học và công nghệ cấp Trường (do nghiên cứu sinh viên thực hiện)
Đánh giá ảnh hưởng của biện pháp tưới khô - ngập xen kẻ đến lân hữu dụng trong đất và năng suất lúa.
Sparad:
| Huvudupphovsman: | |
|---|---|
| Materialtyp: | Bok |
| Språk: | Undetermined |
| Publicerad: |
Cần Thơ
Trường Đại học Cần Thơ
2015
|
| Ämnen: | |
| Taggar: |
Lägg till en tagg
Inga taggar, Lägg till första taggen!
|
| Thư viện lưu trữ: | Trung tâm Học liệu Trường Đại học Cần Thơ |
|---|
| LEADER | 01142nam a2200241Ia 4500 | ||
|---|---|---|---|
| 001 | CTU_210420 | ||
| 008 | 210402s9999 xx 000 0 und d | ||
| 082 | |a 633.18 | ||
| 082 | |b L431 | ||
| 088 | |a TNCS2014-29 | ||
| 100 | |a Vũ, Văn Long | ||
| 245 | 0 | |a Ảnh hưởng của biện pháp tưới khô - ngập xen kẽ đến động thái chất lân trong đất trồng lúa : | |
| 245 | 0 | |b Báo cáo tổng kết đề tài khoa học và công nghệ cấp Trường (do nghiên cứu sinh viên thực hiện) | |
| 245 | 0 | |c Vũ Văn Long (chủ nhiệm đề tài) | |
| 260 | |a Cần Thơ | ||
| 260 | |b Trường Đại học Cần Thơ | ||
| 260 | |c 2015 | ||
| 520 | |a Đánh giá ảnh hưởng của biện pháp tưới khô - ngập xen kẻ đến lân hữu dụng trong đất và năng suất lúa. | ||
| 650 | |a Rice,Lúa,Lúa,Rice | ||
| 650 | |x Irrigation,Phân bón,Thuỷ lợi,Fertilizers | ||
| 904 | |i trần hoàng phúc,Qhieu | ||
| 915 | |a NN | ||
| 980 | |a Trung tâm Học liệu Trường Đại học Cần Thơ | ||